000 00382nam a2200169Ia 4500
008 230711s9999||||xx |||||||||||||| ||und||
041 _aENG
082 _a5
_bGU-F
100 _aGupta,S
245 0 _aFlash 8 in simple steps
250 _a1st Ed.
260 _c2006
_aNew Delhi
_bDream Tech
300 _a181
650 _aComputer Engineering
700 _aGupta,A
942 _cBK
999 _c8559
_d8559